000 00866cam a22002534a 4500
001 13479246
005 20250118100908.0
008 040203s2005 njua 001 0 eng
020 _a9780130487063
050 0 0 _aR123
_b.R523 2005
082 0 0 _a610/.1/4
_222
100 1 _aRice, Jane.
245 1 0 _aMedical terminology with human anatomy /
_cJane Rice.
250 _a5th ed.
260 _aUpper Saddle River, N.J. :
_bPearson/Prentice Hall,
_cc2005.
300 _axxii, 707 p. :
_bill. (chiefly col.) ;
_c28 cm. +
_e1 CD-ROM (4 3/4 in.)
500 _aIncludes index.
650 0 _aMedicine
_vTerminology.
650 0 _aHuman anatomy
_vTerminology.
650 1 2 _aMedicine
_vTerminology
_xEnglish.
650 2 2 _aAnatomy
_vTerminology
_xEnglish.
856 4 1 _3Table of contents
_uhttp://www.loc.gov/catdir/toc/ecip0414/2004002207.html
942 _2lcc
_cBK
_e5th ed.
_n0
999 _c2648
_d2648